000 00816cam a2200265 4500
001 B3124
008 090401t1990 xxu||||| |||| 00| 0 eng d
035 _a(Sirsi) u54131
041 _aeng
050 _a333.33094
090 _aRICS 1990/32ABC
110 _aInstitution and College Conferences
_92330
245 _a1990 into a decade of challenge (Conference) Liverpool 10-12 May 1990
260 _c1990
300 _a20p. ; 30cm.
350 _a0
520 _aSynopses of 17 papers. Conference sponsored by the RICS, Shop Agents Society , Office Agents Society and Business and Industrial Agents Society .
650 _aCONFERENCE
650 _aEUROPE
650 _aPROPERTY
650 _aROYAL INSTITUTION OF CHARTERED SURVEYORS
650 _aSINGLE MARKET
942 _n0
948 _c04/03/1997
999 _c93427
_d93427